National patterns of science and technology resources : 1987

Kaydedildi:
Detaylı Bibliyografya
Materyal Türü: Kitap
Dil:Undetermined
Baskı/Yayın Bilgisi: Washington 1987
Konular:
Etiketler: Etiketle
Etiket eklenmemiş, İlk siz ekleyin!
Thư viện lưu trữ: Trung tâm Học liệu Trường Đại học Cần Thơ
LEADER 00472nam a2200169Ia 4500
001 CTU_98584
008 210402s9999 xx 000 0 und d
082 |a 507.2073 
082 |b N277 
245 0 |a National patterns of science and technology resources : 
245 0 |b 1987 
260 |a Washington 
260 |c 1987 
650 |a Research,Scientists 
650 |z United States,United States 
904 |i Truc 
980 |a Trung tâm Học liệu Trường Đại học Cần Thơ